000 00693nam a22002057a 4500
999 _c11406
_d11406
003 AR-CdUCM
008 190403b ||||| |||| 00| 0 spa d
040 _aMUNICIPALIDAD PROVINCIAL DEL CUSCO
_cBIBLIOTECA MUNICIPAL DEL CUSCO
082 _a581.1 /
_bC72 / 1945
100 _aSilva Colla. Ada
_928752
245 _aComo viven las plantas /
260 _aBuenos Aires :
_bLosada,
_c1945.
300 _a189 páginas ;
_c20 cm.
505 _aContenido : Introducción -- Fisiología de la célula -- Fisiología de la nutrición -- Fisiología del crecimiento ...
650 _aPlantas
_919530
650 _aFisiología
_94959
650 _aVida
_9884
942 _2ddc
_cLIBROS
945 _arah